00953nam 22002293 4500001000700000010003700007021001400044090001100058100004100069200006900110205000800179210004700187215004100234300004600275606016100321675002000482801001800502830002300520990001100543995008500554995008400639202842 aobra completa: 978-84-7841-079-8 bB-47155-L a202842 a20260702d u||y0pory50 ba aManual Merck de VeterinariafEditor: Cynthia M. Kahn, B.A., M.A. a6ª aBarcelonacEditorial Ocenao/ Centrumd2007 a2 vols (2682 p.)cencadernadod26 cm aEdição especial do 50º aniversário 910373aVeterinária. Doenças inimigas e pragas de animais domésticos e úteis: controlo e tratamento. Medidas zootécnicas de protecçãoxZoologia a636.09vESzspa aPTbBMMNgRPC cFernandofFernando cLIVROS 002052026-07-02932654bBMMNf32364k636.09 MAN|DEP (vol. 1)o0rLIVROSsOferta 002052026-07-02932655bBMMNf32365k636.09 MAN|DEP (vol. 2o0rLIVROSsOferta